000 00705nam a2200265Ia 4500
005 20260302114251.0
008 008 260114s9999 xx 000 0 eng d
020 _a9781978738003
037 _aTextbook
040 _aCRL
040 _beng
040 _cCRL
041 _2eng
041 _aeng
084 _qCRL
100 _aFilippo Ferrari
_91118265
245 0 _aTruth and Norms Normative Alethic Pluralism and Evaluative Disagreements
260 _bBloomsbury
260 _bLexington Books
260 _c2021
650 _aPhilosophy
856 _uhttps://doi.org/10.5040/9781978738003?locatt=label:secondary_bloomsburyCollections
942 _cEBOOK
999 _c1681935
_d1681935